<?xml version="1.0" encoding="UTF-8"?>
<record
    xmlns:xsi="http://www.w3.org/2001/XMLSchema-instance"
    xsi:schemaLocation="http://www.loc.gov/MARC21/slim http://www.loc.gov/standards/marcxml/schema/MARC21slim.xsd"
    xmlns="http://www.loc.gov/MARC21/slim">

  <leader>05435namaa22004211i 4500</leader>
  <controlfield tag="003">OSt</controlfield>
  <controlfield tag="005">20260511093918.0</controlfield>
  <controlfield tag="008">250827s2025    ua a|||frm||| 000 0 eng d</controlfield>
  <datafield tag="040" ind1=" " ind2=" ">
    <subfield code="a">EG-GICUC</subfield>
    <subfield code="b">ara</subfield>
    <subfield code="c">EG-GICUC</subfield>
    <subfield code="d">EG-GICUC</subfield>
    <subfield code="e">rda</subfield>
  </datafield>
  <datafield tag="041" ind1="0" ind2=" ">
    <subfield code="a">ara</subfield>
    <subfield code="b">ara</subfield>
    <subfield code="b">eng</subfield>
  </datafield>
  <datafield tag="049" ind1=" " ind2=" ">
    <subfield code="a">&#x625;&#x64A;&#x62F;&#x627;&#x639;</subfield>
  </datafield>
  <datafield tag="082" ind1="0" ind2="4">
    <subfield code="a">346.0166</subfield>
  </datafield>
  <datafield tag="092" ind1=" " ind2=" ">
    <subfield code="a">346.0166</subfield>
    <subfield code="2">21</subfield>
  </datafield>
  <datafield tag="097" ind1=" " ind2=" ">
    <subfield code="a">&#x62F;&#x643;&#x62A;&#x648;&#x631;&#x627;&#x647;&#x200E;</subfield>
  </datafield>
  <datafield tag="099" ind1=" " ind2=" ">
    <subfield code="a">Cai01.02.01.Ph.D.2025.&#x623;&#x645;.&#x62D;</subfield>
  </datafield>
  <datafield tag="100" ind1="0" ind2=" ">
    <subfield code="a">&#x60C;&#x623;&#x645;&#x644; &#x645;&#x62D;&#x645;&#x648;&#x62F; &#x639;&#x628;&#x62F; &#x627;&#x644;&#x641;&#x62A;&#x627;&#x62D;</subfield>
    <subfield code="e">&#x625;&#x639;&#x62F;&#x627;&#x62F;.</subfield>
  </datafield>
  <datafield tag="245" ind1="1" ind2="0">
    <subfield code="a">&#x62D;&#x642; &#x627;&#x644;&#x632;&#x648;&#x62C;&#x629; &#x641;&#x64A; &#x627;&#x644;&#x62E;&#x64F;&#x644;&#x639; &#x628;&#x64A;&#x646; &#x627;&#x644;&#x62A;&#x645;&#x643;&#x64A;&#x646; &#x627;&#x644;&#x642;&#x627;&#x646;&#x648;&#x646;&#x64A; &#x648;&#x627;&#x644;&#x648;&#x627;&#x642;&#x639; :</subfield>
    <subfield code="b">&#x62F;&#x631;&#x627;&#x633;&#x629; &#x645;&#x64A;&#x62F;&#x627;&#x646;&#x64A;&#x629; &#x639;&#x644;&#x649; &#x639;&#x64A;&#x646;&#x629; &#x645;&#x646; &#x627;&#x644;&#x632;&#x648;&#x62C;&#x627;&#x62A; &#x627;&#x644;&#x645;&#x62E;&#x64F;&#x627;&#x644;&#x639;&#x627;&#x62A; &#x628;&#x627;&#x644;&#x642;&#x627;&#x647;&#x631;&#x629; &#x627;&#x644;&#x643;&#x628;&#x631;&#x649; /</subfield>
    <subfield code="c">&#x625;&#x639;&#x62F;&#x627;&#x62F; &#x623;&#x645;&#x644; &#x645;&#x62D;&#x645;&#x648;&#x62F; &#x639;&#x628;&#x62F; &#x627;&#x644;&#x641;&#x62A;&#x627;&#x62D;&#x61B; &#x625;&#x634;&#x631;&#x627;&#x641; &#x623;.&#x62F;/ &#x639;&#x62F;&#x644;&#x64A; &#x645;&#x62D;&#x645;&#x648;&#x62F; &#x627;&#x644;&#x633;&#x645;&#x631;&#x64A;&#x60C; &#x62F;./ &#x645;&#x62D;&#x645;&#x62F; &#x639;&#x628;&#x62F;&#x627;&#x644;&#x633;&#x644;&#x627;&#x645; &#x623;&#x628;&#x648;&#x632;&#x64A;&#x62F;.</subfield>
  </datafield>
  <datafield tag="246" ind1="1" ind2="5">
    <subfield code="a">The wife's right to khula between legal empowerment and reality : </subfield>
    <subfield code="b">Field study on a sample of almukhalieat wives in great cairo /</subfield>
  </datafield>
  <datafield tag="264" ind1=" " ind2="0">
    <subfield code="c">2025.</subfield>
  </datafield>
  <datafield tag="300" ind1=" " ind2=" ">
    <subfield code="a">287 &#x635;&#x641;&#x62D;&#x629; :</subfield>
    <subfield code="b">&#x625;&#x64A;&#x636;&#x627;&#x62D;&#x64A;&#x627;&#x62A; &#x61B; </subfield>
    <subfield code="c">25 &#x633;&#x645;. + </subfield>
    <subfield code="e">CD.</subfield>
  </datafield>
  <datafield tag="336" ind1=" " ind2=" ">
    <subfield code="a">text</subfield>
    <subfield code="2">rda content</subfield>
  </datafield>
  <datafield tag="337" ind1=" " ind2=" ">
    <subfield code="a">Unmediated</subfield>
    <subfield code="2">rdamedia</subfield>
  </datafield>
  <datafield tag="338" ind1=" " ind2=" ">
    <subfield code="a">volume</subfield>
    <subfield code="2">rdacarrier</subfield>
  </datafield>
  <datafield tag="502" ind1=" " ind2=" ">
    <subfield code="a">&#x623;&#x637;&#x631;&#x648;&#x62D;&#x629; (&#x62F;&#x643;&#x62A;&#x648;&#x631;&#x627;&#x647;)-&#x62C;&#x627;&#x645;&#x639;&#x629; &#x627;&#x644;&#x642;&#x627;&#x647;&#x631;&#x629;&#x60C; 2025.   </subfield>
  </datafield>
  <datafield tag="504" ind1=" " ind2=" ">
    <subfield code="a">&#x628;&#x628;&#x644;&#x64A;&#x648;&#x62C;&#x631;&#x627;&#x641;&#x64A;&#x627;: &#x635;&#x641;&#x62D;&#x627;&#x62A; 270-282.</subfield>
  </datafield>
  <datafield tag="520" ind1=" " ind2=" ">
    <subfield code="a">&#x647;&#x62F;&#x641; &#x647;&#x630;&#x647; &#x627;&#x644;&#x62F;&#x631;&#x627;&#x633;&#x629; &#x627;&#x644;&#x648;&#x642;&#x648;&#x641; &#x639;&#x644;&#x649; &#x648;&#x627;&#x642;&#x639; &#x627;&#x633;&#x62A;&#x62E;&#x62F;&#x627;&#x645; &#x627;&#x644;&#x632;&#x648;&#x62C;&#x629; &#x644;&#x62D;&#x642; &#x627;&#x644;&#x62E;&#x64F;&#x644;&#x639; &#x641;&#x64A; &#x636;&#x648;&#x621; &#x627;&#x644;&#x62A;&#x645;&#x643;&#x64A;&#x646; &#x627;&#x644;&#x642;&#x627;&#x646;&#x648;&#x646;&#x64A;&#x64B; &#x644;&#x647;&#x627;&#x61B; &#x648;&#x630;&#x644;&#x643; &#x645;&#x646; &#x62E;&#x644;&#x627;&#x644; &#x627;&#x644;&#x643;&#x634;&#x641; &#x639;&#x646; &#x627;&#x644;&#x633;&#x64A;&#x627;&#x642; &#x627;&#x644;&#x627;&#x62C;&#x62A;&#x645;&#x627;&#x639;&#x64A; &#x644;&#x645;&#x627; &#x642;&#x628;&#x644; &#x627;&#x644;&#x62E;&#x64F;&#x644;&#x639;&#x60C; &#x648;&#x627;&#x644;&#x645;&#x635;&#x627;&#x62D;&#x628; &#x644;&#x647;&#x60C; &#x648;&#x645;&#x627; &#x628;&#x639;&#x62F;&#x647;. &#x627;&#x639;&#x62A;&#x645;&#x62F;&#x62A; &#x627;&#x644;&#x62F;&#x631;&#x627;&#x633;&#x629; &#x639;&#x644;&#x649; &#x627;&#x644;&#x646;&#x638;&#x631;&#x64A;&#x629; &#x627;&#x644;&#x628;&#x646;&#x627;&#x626;&#x64A;&#x629; &#x627;&#x644;&#x648;&#x638;&#x64A;&#x641;&#x64A;&#x629;&#x60C; &#x648;&#x646;&#x638;&#x631;&#x64A;&#x629; &#x627;&#x644;&#x62A;&#x628;&#x627;&#x62F;&#x644; &#x627;&#x644;&#x627;&#x62C;&#x62A;&#x645;&#x627;&#x639;&#x64A;&#x60C; &#x648;&#x627;&#x644;&#x646;&#x638;&#x631;&#x64A;&#x629; &#x627;&#x644;&#x646;&#x633;&#x648;&#x64A;&#x629;&#x60C; &#x648;&#x646;&#x638;&#x631;&#x64A;&#x629; &#x628;&#x646;&#x627;&#x621; &#x627;&#x644;&#x642;&#x648;&#x629; &#x648;&#x635;&#x646;&#x639; &#x627;&#x644;&#x642;&#x631;&#x627;&#x631;&#x60C; &#x648;&#x645;&#x62F;&#x62E;&#x644; &#x627;&#x644;&#x62A;&#x645;&#x643;&#x64A;&#x646; &#x627;&#x644;&#x642;&#x627;&#x646;&#x648;&#x646;&#x64A;.&#x627;&#x639;&#x62A;&#x645;&#x62F;&#x62A; &#x627;&#x644;&#x62F;&#x631;&#x627;&#x633;&#x629; &#x639;&#x644;&#x649; &#x627;&#x644;&#x645;&#x646;&#x647;&#x62C; &#x627;&#x644;&#x648;&#x635;&#x641;&#x64A; &#x627;&#x644;&#x62A;&#x62D;&#x644;&#x64A;&#x644;&#x64A;&#x60C; &#x648;&#x62F;&#x631;&#x627;&#x633;&#x629; &#x627;&#x644;&#x62D;&#x627;&#x644;&#x629; &#x643;&#x637;&#x631;&#x64A;&#x642;&#x629; &#x639;&#x627;&#x645;&#x629; &#x644;&#x644;&#x62F;&#x631;&#x627;&#x633;&#x629;&#x60C; &#x648;&#x62A;&#x645; &#x627;&#x633;&#x62A;&#x62E;&#x62F;&#x627;&#x645; &#x623;&#x62F;&#x627;&#x629; &#x62F;&#x644;&#x64A;&#x644; &#x627;&#x644;&#x645;&#x642;&#x627;&#x628;&#x644;&#x629; &#x644;&#x62D;&#x627;&#x644;&#x627;&#x62A; &#x645;&#x646; &#x627;&#x644;&#x632;&#x648;&#x62C;&#x627;&#x62A; &#x627;&#x644;&#x645;&#x64F;&#x62E;&#x627;&#x644;&#x639;&#x627;&#x62A; &#x644;&#x623;&#x632;&#x648;&#x627;&#x62C;&#x647;&#x646; &#x628;&#x644;&#x63A;&#x62A; (26) &#x62D;&#x627;&#x644;&#x629;. &#x645;&#x646; &#x623;&#x647;&#x645; &#x646;&#x62A;&#x627;&#x626;&#x62C; &#x627;&#x644;&#x62F;&#x631;&#x627;&#x633;&#x629;: &#x62A;&#x639;&#x62B;&#x631; &#x627;&#x633;&#x62A;&#x645;&#x631;&#x627;&#x631;&#x64A;&#x629; &#x627;&#x644;&#x639;&#x644;&#x627;&#x642;&#x629; &#x627;&#x644;&#x632;&#x648;&#x627;&#x62C;&#x64A;&#x629; &#x628;&#x64A;&#x646; &#x627;&#x644;&#x632;&#x648;&#x62C;&#x64A;&#x646;&#x60C; &#x648;&#x648;&#x62C;&#x648;&#x62F; &#x627;&#x644;&#x639;&#x62F;&#x64A;&#x62F; &#x645;&#x646; &#x627;&#x644;&#x62E;&#x644;&#x627;&#x641;&#x627;&#x62A; &#x627;&#x644;&#x623;&#x633;&#x631;&#x64A;&#x629; &#x648;&#x627;&#x644;&#x627;&#x642;&#x62A;&#x635;&#x627;&#x62F;&#x64A;&#x629; &#x648;&#x627;&#x644;&#x646;&#x641;&#x633;&#x64A;&#x629; &#x648;&#x627;&#x644;&#x627;&#x62C;&#x62A;&#x645;&#x627;&#x639;&#x64A;&#x629; &#x648;&#x627;&#x644;&#x633;&#x644;&#x648;&#x643;&#x64A;&#x629;&#x60C; &#x648;&#x635;&#x639;&#x648;&#x628;&#x629; &#x627;&#x644;&#x62A;&#x648;&#x635;&#x644; &#x644;&#x62D;&#x644;&#x648;&#x644; &#x62C;&#x630;&#x631;&#x64A;&#x629; &#x644;&#x644;&#x625;&#x635;&#x644;&#x627;&#x62D; &#x623;&#x648; &#x627;&#x644;&#x62A;&#x63A;&#x64A;&#x64A;&#x631;&#x60C; &#x648;&#x627;&#x644;&#x62A;&#x64A; &#x62A;&#x645; &#x639;&#x644;&#x649; &#x623;&#x62B;&#x631;&#x647;&#x627; &#x627;&#x644;&#x627;&#x646;&#x641;&#x635;&#x627;&#x644;. &#x623;&#x646; &#x642;&#x631;&#x627;&#x631; &#x627;&#x644;&#x632;&#x648;&#x62C;&#x629; &#x628;&#x631;&#x641;&#x639; &#x62F;&#x639;&#x648;&#x649; &#x627;&#x644;&#x62E;&#x64F;&#x644;&#x639; &#x644;&#x64A;&#x633; &#x642;&#x631;&#x627;&#x631;&#x627;&#x64B; &#x645;&#x62A;&#x633;&#x631;&#x639;&#x627;&#x64B;&#x60C; &#x648;&#x625;&#x646;&#x645;&#x627; &#x647;&#x648; &#x642;&#x631;&#x627;&#x631; &#x646;&#x627;&#x62A;&#x62C; &#x639;&#x646; &#x645;&#x634;&#x648;&#x631;&#x629; &#x627;&#x644;&#x645;&#x62D;&#x64A;&#x637;&#x64A;&#x646; &#x628;&#x647;&#x627;. &#x64A;&#x645;&#x643;&#x646; &#x644;&#x644;&#x632;&#x648;&#x62C;&#x629; &#x627;&#x644;&#x645;&#x62A;&#x636;&#x631;&#x631;&#x629; &#x627;&#x644;&#x627;&#x646;&#x62A;&#x641;&#x627;&#x639; &#x645;&#x646; &#x627;&#x644;&#x62A;&#x645;&#x643;&#x64A;&#x646; &#x627;&#x644;&#x642;&#x627;&#x646;&#x648;&#x646;&#x64A; &#x644;&#x62D;&#x642; &#x627;&#x644;&#x62E;&#x64F;&#x644;&#x639; &#x628;&#x634;&#x643;&#x644; &#x643;&#x627;&#x645;&#x644; &#x645;&#x646; &#x62E;&#x644;&#x627;&#x644; &#x62A;&#x639;&#x632;&#x64A;&#x632; &#x645;&#x62D;&#x648; &#x627;&#x644;&#x623;&#x645;&#x64A;&#x629; &#x627;&#x644;&#x642;&#x627;&#x646;&#x648;&#x646;&#x64A;&#x629; &#x644;&#x647;&#x627;&#x60C; &#x648;&#x62A;&#x633;&#x647;&#x64A;&#x644; &#x627;&#x644;&#x62E;&#x62F;&#x645;&#x627;&#x62A; &#x627;&#x644;&#x642;&#x627;&#x646;&#x648;&#x646;&#x64A;&#x629; &#x641;&#x64A; &#x625;&#x637;&#x627;&#x631; &#x645;&#x624;&#x633;&#x633;&#x64A; &#x648;&#x625;&#x646;&#x634;&#x627;&#x621; &#x627;&#x644;&#x645;&#x646;&#x638;&#x645;&#x627;&#x62A; &#x627;&#x644;&#x62A;&#x627;&#x628;&#x639;&#x629; &#x644;&#x644;&#x62F;&#x648;&#x644;&#x629; &#x648;&#x627;&#x644;&#x645;&#x62C;&#x62A;&#x645;&#x639; &#x62D;&#x62A;&#x649; &#x64A;&#x62A;&#x633;&#x646;&#x649; &#x644;&#x647;&#x627; &#x627;&#x644;&#x645;&#x639;&#x631;&#x641;&#x629; &#x627;&#x644;&#x634;&#x627;&#x645;&#x644;&#x629; &#x628;&#x627;&#x644;&#x642;&#x627;&#x646;&#x648;&#x646; &#x648;&#x643;&#x64A;&#x641;&#x64A;&#x629; &#x627;&#x644;&#x627;&#x633;&#x62A;&#x641;&#x627;&#x62F;&#x629; &#x645;&#x646;&#x647;.</subfield>
  </datafield>
  <datafield tag="520" ind1=" " ind2=" ">
    <subfield code="a">The aims  of this study to examine the reality of the wife&#x2019;s use of the right to Khula in light of her legal empowerment. This is done by revealing the social context before the khula, what accompanies it, and what follows it.The study relied on constructivist-functional theory, social exchange theory, feminist theory, power building and decision-making theory, and the legal empowerment approach.The study relied on the descriptive analytical approach, and the case study as a general method of study, and the interview guide tool was used for (26) cases of wives who Khulad their husbands.One of the most important results of the study: The faltering continuity of the marital relationship between the spouses, the presence of many family, economic, psychological, social and behavioral differences, and the difficulty of reaching radical solutions for reform or change, as a result of which separation occurred.The wife&#x2019;s decision to file a Khula suit is not a hasty decision, but rather a decision resulting from the advice of those around her.The aggrieved wife can fully benefit from the legal empowerment of the right to Khula by enhancing her legal literacy, facilitating legal services within an institutional framework and establishing state and community organizations so that she has comprehensive knowledge of the law and how to benefit from it.</subfield>
  </datafield>
  <datafield tag="530" ind1=" " ind2=" ">
    <subfield code="a">&#x635;&#x62F;&#x631; &#x623;&#x64A;&#x636;&#x64B;&#x627; &#x643;&#x642;&#x631;&#x635; &#x645;&#x62F;&#x645;&#x62C;.</subfield>
  </datafield>
  <datafield tag="546" ind1=" " ind2=" ">
    <subfield code="a">&#x627;&#x644;&#x646;&#x635; &#x628;&#x627;&#x644;&#x639;&#x631;&#x628;&#x64A;&#x629; &#x648;&#x627;&#x644;&#x645;&#x644;&#x62E;&#x635; &#x628;&#x627;&#x644;&#x644;&#x63A;&#x629; &#x627;&#x644;&#x625;&#x646;&#x62C;&#x644;&#x64A;&#x632;&#x64A;&#x629; &#x648;&#x627;&#x644;&#x639;&#x631;&#x628;&#x64A;&#x629;.</subfield>
  </datafield>
  <datafield tag="650" ind1=" " ind2="7">
    <subfield code="a">&#x202A;&#x627;&#x644;&#x637;&#x644;&#x627;&#x642;</subfield>
    <subfield code="2">qrmak</subfield>
  </datafield>
  <datafield tag="653" ind1=" " ind2="0">
    <subfield code="a">&#x62D;&#x642;&#x648;&#x642; &#x627;&#x644;&#x645;&#x631;&#x623;&#x629;  </subfield>
    <subfield code="a">&#x62D;&#x642; &#x627;&#x644;&#x632;&#x648;&#x62C;&#x629;</subfield>
    <subfield code="a">&#x627;&#x644;&#x62E;&#x64F;&#x644;&#x639;</subfield>
  </datafield>
  <datafield tag="700" ind1="0" ind2=" ">
    <subfield code="a">&#x639;&#x62F;&#x644;&#x64A; &#x645;&#x62D;&#x645;&#x648;&#x62F; &#x627;&#x644;&#x633;&#x645;&#x631;&#x64A;</subfield>
    <subfield code="e">&#x645;&#x634;&#x631;&#x641; &#x623;&#x637;&#x631;&#x648;&#x62D;&#x629;.</subfield>
  </datafield>
  <datafield tag="700" ind1="0" ind2=" ">
    <subfield code="a">&#x645;&#x62D;&#x645;&#x62F; &#x639;&#x628;&#x62F;&#x627;&#x644;&#x633;&#x644;&#x627;&#x645; &#x623;&#x628;&#x648;&#x632;&#x64A;&#x62F;</subfield>
    <subfield code="e">&#x645;&#x634;&#x631;&#x641; &#x623;&#x637;&#x631;&#x648;&#x62D;&#x629;.</subfield>
  </datafield>
  <datafield tag="900" ind1=" " ind2=" ">
    <subfield code="b">07-05-2025</subfield>
    <subfield code="c">&#x639;&#x62F;&#x644;&#x64A; &#x645;&#x62D;&#x645;&#x648;&#x62F; &#x627;&#x644;&#x633;&#x645;&#x631;&#x64A;</subfield>
    <subfield code="c">&#x645;&#x62D;&#x645;&#x62F; &#x639;&#x628;&#x62F;&#x627;&#x644;&#x633;&#x644;&#x627;&#x645; &#x623;&#x628;&#x648;&#x632;&#x64A;&#x62F;</subfield>
    <subfield code="d">&#x634;&#x631;&#x64A;&#x641; &#x645;&#x62D;&#x645;&#x62F; &#x639;&#x648;&#x636; &#x645;&#x62D;&#x645;&#x62F;</subfield>
    <subfield code="d">&#x623;&#x645;&#x644; &#x639;&#x628;&#x62F;&#x627;&#x644;&#x641;&#x62A;&#x627;&#x62D; &#x639;&#x637;&#x648;&#x629; &#x634;&#x645;&#x633;</subfield>
    <subfield code="U">&#x62C;&#x627;&#x645;&#x639;&#x629; &#x627;&#x644;&#x642;&#x627;&#x647;&#x631;&#x629; </subfield>
    <subfield code="F">&#x643;&#x644;&#x64A;&#x629; &#x627;&#x644;&#x622;&#x62F;&#x627;&#x628;</subfield>
    <subfield code="D">&#x642;&#x633;&#x645; &#x639;&#x644;&#x645; &#x627;&#x644;&#x627;&#x62C;&#x62A;&#x645;&#x627;&#x639; </subfield>
  </datafield>
  <datafield tag="905" ind1=" " ind2=" ">
    <subfield code="a">Sara</subfield>
  </datafield>
  <datafield tag="942" ind1=" " ind2=" ">
    <subfield code="2">ddc</subfield>
    <subfield code="c">TH</subfield>
    <subfield code="e">21</subfield>
    <subfield code="n">0</subfield>
  </datafield>
  <datafield tag="999" ind1=" " ind2=" ">
    <subfield code="c">180089</subfield>
  </datafield>
  <datafield tag="952" ind1=" " ind2=" ">
    <subfield code="2">ddc</subfield>
    <subfield code="9">317975</subfield>
    <subfield code="a">CUCL</subfield>
    <subfield code="b">cl210</subfield>
    <subfield code="d">2026-05-11</subfield>
    <subfield code="i">33192</subfield>
    <subfield code="o">Cai01.02.01.Ph.D.2025.&#x623;&#x645;.&#x62D;</subfield>
    <subfield code="p">01010100033192000</subfield>
    <subfield code="r">2026-05-11 08:39:51</subfield>
    <subfield code="w">2026-05-11</subfield>
    <subfield code="y">TH</subfield>
  </datafield>
</record>
